000 00643nam a2200253 a 4500
003 AR-BaBNM
005 20251128205126.0
008 082120s2002 ||||||||||||||000 | spa||
040 _cAR-BaBNM
100 1 _aCiruzzi, Marcela
245 0 0 _aEvaristo Carriego
_bvida y obra
260 _aBuenos Aires
_bPlus Ultra
_c1978
300 _a123 p.
504 _aContiene bibliografía en p. 121-123
650 4 _aLITERATURA ARGENTINA
650 4 _aVIDA LITERARIA
650 4 _aPERIODISMO
651 4 _aBuenos Aires [Capital Federal]
653 _aTANGO
653 _aLUNFARDO
655 _aBIOGRAFIAS
942 _cBK
998 _cisola
999 _c10085
_d10085